000 00438cam a22001217a 4500
008 180718b1992 xxu||||| |||| 00| 0 eng d
082 _aA81x54 91/31/Occ pap1/1992
100 _aCensus of India 1991
245 _aDelhi: provisional total population and scheduled caste population
260 _aDelhi
_bThe Controller of Publications
_c1992
300 _a763+p.
440 _aCensus of India 1991. Series-31, Delhi. Occasional paper-1 of 1992
999 _c475648
_d475648